Métodos de análisis para suelos, plantas y aguas

保存先:
書誌詳細
第一著者: Chapman, Homer D
その他の著者: Pratt, Parker F
フォーマット: 図書
言語:スペイン語
出版事項: Ciudad de México, México Trillas 1973
主題:
タグ: タグ追加
タグなし, このレコードへの初めてのタグを付けませんか!

MARC

LEADER 00000nam a2200000 a 4500
001 UCU2930
003 CL-VaPUC
005 20240703122240.0
008 960502e19730000MX |||||||||||||||||spa|d
999 |c 247091  |d 247089 
020 |a 968240262X 
040 |c Pontificia Universidad Católica de Valparaíso 
082 0 4 |a 631.4 CHA 1973  |2 21 
100 0 |a Chapman, Homer D  |9 359514 
245 1 0 |a Métodos de análisis para suelos, plantas y aguas 
260 0 3 |a Ciudad de México, México  |b Trillas  |c 1973 
300 |a 195 páginas 
583 |a last modification  |c 19960502 00:00:00  |k Rodrigo Vera 
650 0 |a Suelos  |9 260322 
650 0 |a Agua del suelo   |9 348474 
650 0 |a Química de los suelos   |9 358409 
650 0 |a Plantas  |9 264555 
650 0 |a Análisis del agua   |9 262189 
650 7 |a ELEMENTOS QUIMICOS  |2 CL-VaPUC  |9 306895 
650 0 |a Aluminio  |9 359516 
650 0 |a Arsénico  |9 359517 
650 7 |a BORO  |2 CL-VaPUC  |9 359518 
650 7 |a CALCIO  |2 CL-VaPUC  |9 356891 
650 7 |a CLORO  |2 CL-VaPUC  |9 359519 
700 0 |a Pratt, Parker F  |9 359515 
942 |c BK  |2 ddc 
945 |d 19960502 00:00:00  |a rleighto